书目信息 |
| 题名: |
大学生安全健康教育
|
|
| 作者: | 李世龙, , 佘三池, , 藩黔玲 主编 | |
| 分册: | ||
| 出版信息: | 武汉 武汉大学出版社 2022.08 |
|
| 页数: | 270页 | |
| 开本: | 26cm | |
| 丛书名: | 普通高等教育“十二五”规划教材 | |
| 单 册: | ||
| 中图分类: | G641-43 , G647.9-43 | |
| 科图分类: | ||
| 主题词: | 大学生--da xue sheng--安全教育--高等教育--教材 , 大学生--da xue sheng--健康教育--高等教育--教材 | |
| 电子资源: | ||
| ISBN: | 978-7-307-14118-6 | |
| 000 | 01327nam 2200325 450 | |
| 001 | 012001000610 | |
| 005 | 20141201155513.0 | |
| 010 | @a978-7-307-14118-6@dCNY42.00 | |
| 099 | @aCAL 012015038197 | |
| 100 | @a20220905d2014 em y0chiy50 ea | |
| 101 | 0 | @achi |
| 102 | @aCN@b420000 | |
| 105 | @ay a 000yy | |
| 106 | @ar | |
| 200 | 1 | @a大学生安全健康教育@Ada xue sheng an quan jian kang jiao yu@f主编李世龙, 佘三池, 藩黔玲 |
| 210 | @a武汉@c武汉大学出版社@d2022.08 | |
| 215 | @a270页@d26cm | |
| 225 | 2 | @a普通高等教育“十二五”规划教材@Apu tong gao deng jiao yu “ shi er wu ” gui hua jiao cai@i公共基础课教材 |
| 320 | @a有书目 (第270页) | |
| 330 | @a本书内容涉及大学生日常生活中方方面面的安全知识,包括日常学习与生活安全、个人财产安全、人身安全、心理健康安全、网络与信息安全、自然灾害安全、突发事件安全、户外活动安全与急救常识、社会实践安全、个人行为与国家安全等。 | |
| 410 | 0 | @12001@a普通高等教育“十二五”规划教材 |
| 606 | 0 | @a大学生@Ada xue sheng@x安全教育@x高等教育@j教材 |
| 606 | 0 | @a大学生@Ada xue sheng@x健康教育@x高等教育@j教材 |
| 690 | @aG641-43@v5 | |
| 690 | @aG647.9-43@v5 | |
| 701 | 0 | @a李世龙,@Ali shi long@f1960-@4主编 |
| 701 | 0 | @a佘三池,@Ashe san chi@f1966-@4主编 |
| 701 | 0 | @a藩黔玲@Afan qian ling@4主编 |
| 801 | 0 | @aCN@bAHXH@c20221111 |
| 905 | @b1369641-5@dG641-43@e2359@f5 | |
| 大学生安全健康教育/主编李世龙, 佘三池, 藩黔玲.-武汉:武汉大学出版社,2022.08 |
| 270页;26cm.-(普通高等教育“十二五”规划教材.公共基础课教材) |
| ISBN 978-7-307-14118-6:CNY42.00 |
| 本书内容涉及大学生日常生活中方方面面的安全知识,包括日常学习与生活安全、个人财产安全、人身安全、心理健康安全、网络与信息安全、自然灾害安全、突发事件安全、户外活动安全与急救常识、社会实践安全、个人行为与国家安全等。 |
| ● |
| 相关链接 |
|
|
|
|
正题名:大学生安全健康教育
索取号:G641-43/2359
 
预约/预借
| 序号 | 登录号 | 条形码 | 馆藏地/架位号 | 状态 | 备注 |
| 1 | 1369641 | 213696419 | 第一样本阅览室/ [索取号:G641-43/2359] | 在馆 | |
| 2 | 1369642 | 213696428 | 教育系资料室/ [索取号:G641-43/2359] | 在馆 | |
| 3 | 1369643 | 213696437 | 教育系资料室/ [索取号:G641-43/2359] | 在馆 | |
| 4 | 1369644 | 213696446 | 第四借阅区/ [索取号:G641-43/2359] | 在馆 | |
| 5 | 1369645 | 213696455 | 第四借阅区/ [索取号:G641-43/2359] | 在馆 |